Rubber tree (Record no. 68088)

MARC details
000 -LEADER
fixed length control field 00638nam a2200217Ia 4500
100 ## - MAIN ENTRY--AUTHOR NAME
Personal name Clement-Demange Andre
245 #0 - TITLE STATEMENT
Title Rubber tree
260 ## - PUBLICATION, DISTRIBUTION, ETC. (IMPRINT)
Name of publisher In: Tropical plant breeding.(Ed. Andre Charrier et al). Oxford & IBH Publishing, New Delhi, 2000, pp.455-480.
650 ## - SUBJECT ADDED ENTRY--TOPICAL TERM
Topical Term Breeding
650 ## - SUBJECT ADDED ENTRY--TOPICAL TERM
Topical Term Evolutionary organisation
650 ## - SUBJECT ADDED ENTRY--TOPICAL TERM
Topical Term Genome mapping
650 ## - SUBJECT ADDED ENTRY--TOPICAL TERM
Topical Term Rubber
700 ## - ADDED ENTRY--PERSONAL NAME
Personal name Carron Marc-Philippe
700 ## - ADDED ENTRY--PERSONAL NAME
Personal name Chapuset Thierry
700 ## - ADDED ENTRY--PERSONAL NAME
Personal name Guen Vincent Le
700 ## - ADDED ENTRY--PERSONAL NAME
Personal name Legnate Hyacinthe
700 ## - ADDED ENTRY--PERSONAL NAME
Personal name Nicolas Dominique
700 ## - ADDED ENTRY--PERSONAL NAME
Personal name Seguin Marc
942 ## - ADDED ENTRY ELEMENTS (KOHA)
Koha item type Journals
Holdings
Withdrawn status Lost status Damaged status Not for loan Home library Current library Shelving location Date acquired Koha item type
      Journals RRII Library RRII Library Botany 16/05/2002 Journals